| 000 | 00556pam a2200181 a 4500 | ||
|---|---|---|---|
| 020 | _a0412018012 | ||
| 082 | 0 | 0 |
_a624.15136 _bWAL _cL-37, P-27 |
| 100 | 1 |
_aWaltham, Tony. _942417 |
|
| 245 | 1 | 0 |
_aGround subsidence / _cA.C. Waltham. |
| 260 |
_aGlasgow : _bBlackie ; _aNew York : _bChapman and Hall, _c1989. |
||
| 300 |
_aix, 202 p. : _bill. ; _c24 cm. |
||
| 500 | _aIncludes index. | ||
| 526 |
_a0 _b0 _c0 _d624_151360000000000_WAL |
||
| 650 | 0 | _aEngineering geology. | |
| 650 | 0 |
_aMCE _9379 |
|
| 650 | 0 |
_aSubsidences (Earth movements) _942532 |
|
| 942 |
_2ddc _cBK |
||
| 999 |
_c546403 _d546403 |
||